000 00333nam a22001337a 4500
008 250422b |||||||| |||| 00| 0 eng d
020 _a0029288703
050 _aHD8038
_b.S43
100 _aSHAPERS, Albert
245 _aManaging Professional People
260 _aAmerica
_bThe Free Press
_c1985
300 _axviii, 252p.
942 _cBK
999 _c3089
_d3089